000 00625nam a2200181 a 4500
005 20210223120409.0
008 991125s1994 mx 000 0 spa u
020 _a9688925136
035 _aUPN01000000177
049 _aC
050 4 _aHA763
_bC64
110 2 _aInstituto Nacional de Estadística, Geografía e Informática (México)
245 1 3 _aEl ABC de la estadística de comercio exterior de México /
_cInstituto Nacional de Estadística, Geografía e Informática.
260 _aMéxico :
_bINEGI,
_c1994.
300 _a24 p.
650 4 _aCOMERCIO EXTERIOR -
_xREGULACION -
_zMEXICO -
_vMANUALES
_99850
905 _aLibro
999 _c177
_d177